Surprise Attack / (Record no. 588835)
[ view plain ]
| 000 -LEADER | |
|---|---|
| fixed length control field | 00345nam a22001577a 4500 |
| 003 - CONTROL NUMBER IDENTIFIER | |
| control field | NUST |
| 020 ## - INTERNATIONAL STANDARD BOOK NUMBER | |
| International Standard Book Number | 0815709307 |
| 038 ## - RECORD CONTENT LICENSOR | |
| Staff Name | Khadija |
| 082 ## - DEWEY DECIMAL CLASSIFICATION NUMBER | |
| Classification number | 355.43 |
| Author Mark | BET |
| 100 ## - MAIN ENTRY--PERSONAL NAME | |
| Personal name | Betts |
| 9 (RLIN) | 90639 |
| 245 ## - TITLE STATEMENT | |
| Title | Surprise Attack / |
| Statement of responsibility, etc. | Richard K. Betts |
| 260 ## - PUBLICATION, DISTRIBUTION, ETC. | |
| Place of publication, distribution, etc. | lahore |
| Name of publisher, distributor, etc. | combine printers |
| Date of publication, distribution, etc. | 1987 |
| 300 ## - PHYSICAL DESCRIPTION | |
| Extent | p318 |
| 563 ## - BINDING INFORMATION | |
| Binding note | HB |
| 942 ## - ADDED ENTRY ELEMENTS (KOHA) | |
| Source of classification or shelving scheme | |
| Koha item type | Book |
| Withdrawn status | Lost status | Source of classification or shelving scheme | Damaged status | Not for loan | Permanent Location | Current Location | Shelving location | Date acquired | Total Checkouts | Full call number | Barcode | Checked out | Date last seen | Date last checked out | Price effective from | Koha item type |
|---|---|---|---|---|---|---|---|---|---|---|---|---|---|---|---|---|
| School of Mechanical & Manufacturing Engineering (SMME) | School of Mechanical & Manufacturing Engineering (SMME) | General Stacks | 03/17/2022 | 1 | 355.43 BET | SMME-3691 | 11/01/2024 | 10/02/2024 | 10/02/2024 | 03/17/2022 | Book |
